[Event "Sant Boi de Llobregat op 4th"]
[Site "Sant Boi de Llobregat"]
[Date "2023.12.05"]
[Round "6"]
[White "Sanal, Vahap"]
[Black "Nurgaliyev, Sauat"]
[Result "1/2-1/2"]
[WhiteElo "2595"]
[BlackElo "2189"]
[PlyCount "115"]
[EventDate "2023.11.30"]
[EventType "swiss"]
[EventRounds "9"]
[EventCountry "ESP"]
[SourceTitle "CB50_2023"]
[SourceDate "2023.12.13"]
[SourceVersion "1"]
[SourceVersionDate "2023.12.13"]
[SourceQuality "1"]

1. Nf3 c5 2. b3 d6 3. Bb2 e5 4. c4 Nc6 5. Nc3 g6 6. g3 Bg7 7. Bg2 Nge7 8. d3 h6 9. 0-0 Be6 10. a3 0-0 11. Rc1 Qd7 12. Re1 b6 13. e3 d5 14. cxd5 Nxd5 15. Qc2 Rac8 16. Ne4 Rfd8 17. Qb1 Nde7 18. Bf1 g5 19. b4 cxb4 20. axb4 g4 21. Nh4 f5 22. b5 Na5 23. Rxc8 Rxc8 24. Nc3 Qd6 25. Qa1 Bf6 26. Ng2 Qb4 27. Re2 Nb3 28. Qe1 Kf7 29. Rc2 Nd5 30. Nxd5 Qxe1 31. Nxe1 Rxc2 32. Nxc2 Bxd5 33. Nb4 Bf3 34. d4 Nd2 35. dxe5 Be7 36. Nc6 a5 37. Bd3 Be4 38. Be2 a4 39. Bc3 Nf3+ 40. Kf1 Bd5 41. Bd3 Bc5 42. Ke2 Ke6 43. Kd1 a3 44. Kc1 Ng5 45. Nd4+ Bxd4 46. Bxd4 Nf3 47. Bc2 a2 48. Kb2 Nxe5 49. Ka1 Nc4 50. Ba4 Nd6 51. Bxb6 Bc4 52. e4 fxe4 53. Be3 Nxb5 54. Bxh6 Nd4 55. Bd1 Kf5 56. Be3 Nf3 57. Bxf3 exf3 58. Kb2 1/2-1/2

[Event "Wch U14"]
[Site "Montesilvano"]
[Date "2023.11.20"]
[Round "7"]
[White "Dumanuly, Sultanbeibarys"]
[Black "Nurgaliyev, Sauat"]
[Result "1/2-1/2"]
[WhiteElo "1931"]
[BlackElo "2235"]
[PlyCount "99"]
[EventDate "2023.11.13"]
[EventType "swiss"]
[EventRounds "11"]
[EventCountry "ITA"]
[SourceTitle "CB48_2023"]
[SourceDate "2023.11.29"]
[SourceVersion "1"]
[SourceVersionDate "2023.11.29"]
[SourceQuality "1"]

1. e4 c5 2. Nf3 d6 3. d4 cxd4 4. Qxd4 Nf6 5. Nc3 Nc6 6. Qd3 g6 7. Be2 Bg7 8. 0-0 0-0 9. Nd5 Nxd5 10. exd5 Nb4 11. Qd1 Bf5 12. c3 Na6 13. a4 Nc5 14. a5 Qc8 15. Be3 Ne4 16. Ra4 Nf6 17. Bd4 Qc7 18. Qb3 Bd7 19. Rb4 Qxa5 20. Rxb7 Bc8 21. Rb5 Qc7 22. Ra1 Ne4 23. Bb6 Qd7 24. Rba5 Qb7 25. Rxa7 Nc5 26. Qa2 Rxa7 27. Qxa7 Qxd5 28. Bxc5 dxc5 29. Ra5 Qe4 30. Bf1 Qb1 31. Qxe7 Qxb2 32. Qxc5 Qxc3 33. Qxc3 Bxc3 34. Ra8 Kg7 35. Ng5 h6 36. Ne4 Bd4 37. Nd6 Be6 38. Rxf8 Kxf8 39. Bc4 Be5 40. Bxe6 Bxd6 41. Bc4 Ke7 42. g3 f5 43. f4 Kf6 44. h4 g5 45. hxg5+ hxg5 46. fxg5+ Kxg5 47. Kg2 Kg4 48. Be6 Bxg3 49. Bxf5+ Kxf5 50. Kxg3 1/2-1/2

[Event "Wch U14"]
[Site "Montesilvano"]
[Date "2023.11.17"]
[Round "5"]
[White "Zaragoza Alanis, Miguel Arnulfo"]
[Black "Nurgaliyev, Sauat"]
[Result "0-1"]
[WhiteElo "1838"]
[BlackElo "2235"]
[PlyCount "72"]
[EventDate "2023.11.13"]
[EventType "swiss"]
[EventRounds "11"]
[EventCountry "ITA"]
[SourceTitle "CB48_2023"]
[SourceDate "2023.11.29"]
[SourceVersion "1"]
[SourceVersionDate "2023.11.29"]
[SourceQuality "1"]

1. e4 c5 2. Nf3 d6 3. d4 cxd4 4. Nxd4 Nf6 5. Nc3 a6 6. f3 e5 7. Nb3 Be6 8. Be3 h5 9. Qd2 Nbd7 10. Nd5 Bxd5 11. exd5 g6 12. c4 a5 13. Rc1 a4 14. Na1 Bg7 15. Be2 e4 16. 0-0 exf3 17. Bxf3 Ne5 18. c5 0-0 19. c6 bxc6 20. dxc6 Rc8 21. b4 axb3 22. Nxb3 d5 23. Na5 Nfg4 24. Bxg4 Nxg4 25. Bf4 Qb6+ 26. Kh1 Rfe8 27. c7 g5 28. Bxg5 Rxc7 29. Rb1 Qg6 30. Bf4 Rc2 31. Qxd5 Nf2+ 32. Kg1 Ne4 33. Bg3 h4 34. Qd3 hxg3 35. Qxc2 gxh2+ 36. Kxh2 Qh7+ 0-1

[Event "World ol U16"]
[Site "Eindhoven"]
[Date "2023.08.17"]
[Round "7.7"]
[White "Nurgaliyev, Sauat"]
[Black "Vagman, Roy"]
[Result "1/2-1/2"]
[WhiteElo "2273"]
[BlackElo "2333"]
[PlyCount "83"]
[EventDate "2023.08.13"]
[EventType "team-swiss"]
[EventRounds "9"]
[EventCountry "NED"]
[SourceTitle "CBM 215 Extra"]
[Source "ChessBase"]
[SourceDate "2023.09.30"]
[SourceVersion "1"]
[SourceVersionDate "2023.09.30"]
[SourceQuality "1"]
[WhiteTeam "Kazakhstan II"]
[BlackTeam "Israel"]
[WhiteTeamCountry "KAZ"]
[BlackTeamCountry "ISR"]

1. Nf3 Nf6 2. g3 b5 3. a4 b4 4. Bg2 Bb7 5. 0-0 a5 6. b3 e6 7. Bb2 Be7 8. c3 0-0 9. cxb4 axb4 10. d4 d5 11. Nbd2 Nbd7 12. Rc1 Rc8 13. Qc2 Ba6 14. Rfe1 c5 15. dxc5 Bxc5 16. Qb1 Qb6 17. e3 Qb8 18. Qa1 Be7 19. Rxc8 Rxc8 20. Rc1 h6 21. Bf1 Bxf1 22. Rxc8+ Qxc8 23. Qxf1 Ne8 24. Qb5 Bc5 25. Nd4 Nd6 26. Qc6 Bxd4 27. Qxc8+ Nxc8 28. exd4 Na7 29. Kf1 Kf8 30. Ke2 Ke7 31. Nf3 Nc6 32. Kd3 f6 33. Nh4 g5 34. Ng2 e5 35. f4 Ke6 36. fxg5 hxg5 37. h4 gxh4 38. gxh4 Na5 39. Kc2 Nc6 40. Kd3 Na5 41. Kc2 Nc6 42. Kd3 1/2-1/2

[Event "World ol U16"]
[Site "Eindhoven"]
[Date "2023.08.13"]
[Round "1.21"]
[White "Nurgaliyev, Sauat"]
[Black "Helmy, Muhammad Adnin Nuay"]
[Result "1-0"]
[WhiteElo "2273"]
[BlackElo "1356"]
[PlyCount "57"]
[EventDate "2023.08.13"]
[EventType "team-swiss"]
[EventRounds "9"]
[EventCountry "NED"]
[SourceTitle "CBM 215 Extra"]
[Source "ChessBase"]
[SourceDate "2023.09.30"]
[SourceVersion "1"]
[SourceVersionDate "2023.09.30"]
[SourceQuality "1"]
[WhiteTeam "Kazakhstan II"]
[BlackTeam "Malaysia"]
[WhiteTeamCountry "KAZ"]
[BlackTeamCountry "MAS"]

1. e4 c5 2. Nf3 e6 3. d4 cxd4 4. Nxd4 Nc6 5. Nc3 Qc7 6. Be2 a6 7. 0-0 Nf6 8. Be3 Be7 9. f4 d6 10. Qe1 0-0 11. Kh1 Nxd4 12. Bxd4 b5 13. a3 Bb7 14. Qg3 Ne8 15. Bd3 Bf6 16. e5 dxe5 17. fxe5 Be7 18. Rae1 Bc5 19. Bxc5 Qxc5 20. Qh4 g6 21. Be4 Bc6 22. Qh6 Ra7 23. Bxc6 Qxc6 24. Ne4 f5 25. exf6 e5 26. h4 Nxf6 27. Qxf8+ Kxf8 28. Rxf6+ Qxf6 29. Nxf6 1-0

[Event "Fagernes op-A"]
[Site "Fagernes"]
[Date "2023.04.09"]
[Round "9"]
[White "Trost, Edvin"]
[Black "Nurgaliyev, Sauat"]
[Result "1-0"]
[WhiteElo "2398"]
[BlackElo "2286"]
[PlyCount "83"]
[EventDate "2023.04.02"]
[EventType "swiss"]
[EventRounds "9"]
[EventCountry "NOR"]
[SourceTitle "CBM 213 Extra"]
[Source "ChessBase"]
[SourceDate "2023.05.31"]
[SourceVersion "1"]
[SourceVersionDate "2023.05.31"]
[SourceQuality "1"]

1. Nf3 Nf6 2. g3 g6 3. Bg2 Bg7 4. c4 c6 5. 0-0 0-0 6. b3 d6 7. d4 Nbd7 8. Nc3 Re8 9. e4 e5 10. h3 a5 11. Qc2 Qe7 12. Re1 exd4 13. Nxd4 Nc5 14. Bf4 Nh5 15. Be3 Be6 16. Rad1 Rad8 17. Nxe6 Nxe6 18. Na4 Nf6 19. Bb6 Ra8 20. Qd2 Nd7 21. Bxa5 Ne5 22. f4 Nd3 23. Qxd3 Rxa5 24. Kh1 Nd4 25. Nc3 Rd8 26. Ne2 Ne6 27. a4 Qf6 28. Qe3 Raa8 29. Rd2 h5 30. Red1 h4 31. g4 Qe7 32. g5 Nc5 33. e5 d5 34. cxd5 cxd5 35. Rxd5 Bf8 36. Nc3 Re8 37. b4 Nxa4 38. Rd7 Qe6 39. Nd5 Bg7 40. Nc7 Qb6 41. Qb3 Rf8 42. Nxa8 1-0

[Event "Cheliabinsk Lozovatsky Memorial-A"]
[Site "Cheliabinsk"]
[Date "2023.01.31"]
[Round "5"]
[White "Nurgaliyev, Sauat"]
[Black "Degenbaev, Aziz"]
[Result "0-1"]
[WhiteElo "2291"]
[BlackElo "2147"]
[PlyCount "74"]
[EventDate "2023.01.27"]
[EventType "swiss"]
[EventRounds "10"]
[EventCountry "RUS"]
[SourceTitle "CBM 212 Extra"]
[Source "ChessBase"]
[SourceDate "2023.03.31"]
[SourceVersion "1"]
[SourceVersionDate "2023.03.31"]
[SourceQuality "1"]

1. e4 e5 2. Nf3 Nc6 3. Bb5 a6 4. Ba4 Nf6 5. 0-0 b5 6. Bb3 Bb7 7. d4 Nxd4 8. Bxf7+ Kxf7 9. Nxe5+ Kg8 10. Qxd4 c5 11. Qe3 Qc7 12. Nd3 c4 13. Nf4 Re8 14. Nc3 b4 15. Nce2 Rxe4 16. Qd2 Bc5 17. Ng3 Rd4 18. Qe2 Rxf4 19. Bxf4 Qxf4 20. a3 bxa3 21. b4 Bb6 22. Nh5 Qe4 23. Nxf6+ gxf6 24. Qxe4 Bxe4 25. Rxa3 Bb7 26. Re1 Kf7 27. Rh3 h5 28. Rh4 d5 29. g4 d4 30. Kf1 Bf3 31. Rh3 Bxg4 32. Ra3 Rd8 33. h3 Bc8 34. Ke2 Bb7 35. Kd2 Bc7 36. Rb1 Re8 37. Re1 c3+ 0-1

[Event "Cheliabinsk Lozovatsky Memorial-A"]
[Site "Cheliabinsk"]
[Date "2023.01.28"]
[Round "2"]
[White "Alpin, Maxim"]
[Black "Nurgaliyev, Sauat"]
[Result "1/2-1/2"]
[WhiteElo "2106"]
[BlackElo "2291"]
[PlyCount "82"]
[EventDate "2023.01.27"]
[EventType "swiss"]
[EventRounds "10"]
[EventCountry "RUS"]
[SourceTitle "CBM 212 Extra"]
[Source "ChessBase"]
[SourceDate "2023.03.31"]
[SourceVersion "1"]
[SourceVersionDate "2023.03.31"]
[SourceQuality "1"]

1. Nf3 Nf6 2. g3 g6 3. Bg2 Bg7 4. d4 0-0 5. 0-0 d5 6. c4 c6 7. cxd5 cxd5 8. Ne5 Ng4 9. Bf4 Nc6 10. Nxc6 bxc6 11. h3 Nf6 12. Nc3 Nh5 13. Be3 e5 14. dxe5 Bxe5 15. Bd4 Bxd4 16. Qxd4 Qb6 17. Rfd1 Qxd4 18. Rxd4 Ng7 19. Rc1 Ne6 20. Rd2 Rd8 21. Na4 Bd7 22. Nc5 Be8 23. b4 Rdb8 24. e4 Rxb4 25. exd5 cxd5 26. Bxd5 Rc8 27. Bxe6 fxe6 28. Rdc2 Rb6 29. f4 h6 30. Nd3 Rbc6 31. Rxc6 Rxc6 32. Rxc6 Bxc6 33. Kf2 Kg7 34. Ke3 Kf6 35. h4 h5 36. Kd4 Kf5 37. Ne5 Ba4 38. a3 Bb3 39. Ke3 Bd5 40. Kd4 Bb3 41. Ke3 Bd5 1/2-1/2

[Event "Wch Rapid"]
[Site "Almaty"]
[Date "2022.12.26"]
[Round "2"]
[White "Tin, Jingyao"]
[Black "Nurgaliyev, Sauat"]
[Result "1-0"]
[WhiteElo "2462"]
[BlackElo "2016"]
[PlyCount "135"]
[EventDate "2022.12.26"]
[EventType "swiss (rapid)"]
[EventRounds "13"]
[EventCountry "KAZ"]
[SourceTitle "CBM 212"]
[Source "ChessBase"]
[SourceDate "2023.02.28"]
[SourceVersion "1"]
[SourceVersionDate "2023.02.28"]
[SourceQuality "1"]

1. e4 e6 2. d3 d5 3. Qe2 dxe4 4. dxe4 e5 5. Nc3 Nc6 6. Bd2 Bd6 7. 0-0-0 Nge7 8. f4 exf4 9. Qf2 Ng6 10. h4 Bg4 11. Be2 h5 12. Nb5 Be5 13. Nf3 Bxf3 14. Bxf3 a6 15. Nc3 Qd4 16. Qe2 Qc5 17. Nd5 Nd4 18. Qd3 Nxf3 19. Qxf3 0-0-0 20. Kb1 Qb5 21. Bc3 f6 22. g3 Kb8 23. gxf4 Bxc3 24. Nxc3 Qc4 25. Qg3 Qf7 26. Rhg1 Rxd1+ 27. Rxd1 Re8 28. a3 Nf8 29. Rg1 Rd8 30. Qxg7 Qxg7 31. Rxg7 Ne6 32. Rf7 Nxf4 33. Rxf6 Ng2 34. e5 Nxh4 35. e6 Re8 36. Nd5 c6 37. Nf4 Nf3 38. Nxh5 Ng5 39. Ng7 Re7 40. Rg6 Ne4 41. Nf5 Re8 42. e7 Kc7 43. Re6 Ng5 44. Re5 Nf7 45. Re3 Kd7 46. c4 c5 47. Kc2 Rg8 48. Rd3+ Ke8 49. b4 Rg5 50. Rd5 cxb4 51. axb4 Rg2+ 52. Kb3 Re2 53. c5 Re5 54. Kc4 Re4+ 55. Kc3 Re5 56. Kd4 Re1 57. Nd6+ Kxe7 58. Nxb7 Rd1+ 59. Kc4 Rxd5 60. Kxd5 Kd7 61. c6+ Kc7 62. Nc5 Kb6 63. Ne6 Ka7 64. c7 Kb7 65. Nd8+ Kxc7 66. Nxf7 Kb6 67. Nd6 a5 68. Nc4+ 1-0

[Event "Sitges Sunway op 9th"]
[Site "Sitges"]
[Date "2022.12.19"]
[Round "7"]
[White "Nurgaliyev, Sauat"]
[Black "Willow, Jonah B"]
[Result "0-1"]
[WhiteElo "2150"]
[BlackElo "2409"]
[PlyCount "294"]
[EventDate "2022.12.12"]
[EventType "swiss"]
[EventRounds "10"]
[EventCountry "ESP"]
[SourceTitle "CBM 211 Extra"]
[Source "ChessBase"]
[SourceDate "2023.01.31"]
[SourceVersion "1"]
[SourceVersionDate "2023.01.31"]
[SourceQuality "1"]

1. e4 c5 2. Nf3 e6 3. d4 cxd4 4. Nxd4 a6 5. Bd3 Bc5 6. Nb3 Ba7 7. Qe2 Ne7 8. Be3 Nbc6 9. N1d2 0-0 10. 0-0-0 Nb4 11. Kb1 b5 12. Bxa7 Rxa7 13. Qe3 Rc7 14. Nf3 Bb7 15. Qd2 Nxd3 16. cxd3 f5 17. Rhe1 Qa8 18. Qb4 Ng6 19. Qd6 Rc6 20. Qd4 Qb8 21. Nc5 Rd6 22. Qe3 Bc8 23. h4 fxe4 24. Nxe4 Rd5 25. g3 Bb7 26. Rc1 Qa8 27. Nd4 Ne5 28. f4 Ng4 29. Qg1 Qa7 30. Nb3 Qxg1 31. Rxg1 Bc6 32. Nec5 Nf2 33. Nxe6 Nxd3 34. Nxf8 Nxc1 35. Kxc1 Kxf8 36. Rd1 Ke7 37. Nd4 Rc5+ 38. Kd2 b4 39. Rc1 Kd6 40. Rxc5 Kxc5 41. Nxc6 dxc6 42. Kd3 h5 43. Ke4 Kd6 44. a3 a5 45. f5 bxa3 46. bxa3 a4 47. Kf4 c5 48. Ke4 Ke7 49. Ke5 c4 50. Kd4 Kf6 51. Kxc4 Kxf5 52. Kb4 Kg4 53. Kxa4 Kxg3 54. Kb5 Kxh4 55. a4 g5 56. a5 g4 57. a6 g3 58. a7 g2 59. a8Q g1Q 60. Qe4+ Qg4 61. Qe1+ Kg5 62. Qe7+ Kf4 63. Qd6+ Kf3 64. Qd5+ Kg3 65. Qe5+ Kf2 66. Qh2+ Ke1 67. Qh1+ Kd2 68. Qd5+ Ke3 69. Qe5+ Kf2 70. Qh2+ Kf3 71. Qh1+ Ke3 72. Qc1+ Kf2 73. Qc5+ Kg2 74. Qc2+ Kg3 75. Qc3+ Qf3 76. Qe5+ Kg2 77. Qg7+ Qg3 78. Qb2+ Kh3 79. Qe2 Qg5+ 80. Kc6 Qf6+ 81. Kb5 Qf5+ 82. Ka6 Qc8+ 83. Kb6 Qb8+ 84. Ka6 Qd6+ 85. Kb5 Qd5+ 86. Ka6 h4 87. Qe3+ Kg4 88. Qe2+ Qf3 89. Qe6+ Kg3 90. Qe5+ Kg2 91. Qg7+ Qg3 92. Qb7+ Kh2 93. Qb2+ Kh3 94. Qe2 Qa3+ 95. Kb5 Qb3+ 96. Ka6 Qa4+ 97. Kb6 Qd4+ 98. Ka6 Kg3 99. Qe1+ Qf2 100. Qe5+ Kg2 101. Qe4+ Kg1 102. Qg4+ Kh2 103. Qe4 h3 104. Qe5+ Kg1 105. Qg5+ Kf1 106. Qc1+ Ke2 107. Qc2+ Kf3 108. Qf5+ Kg2 109. Qg5+ Kh1 110. Qd5+ Qg2 111. Qd1+ Kh2 112. Qd6+ Kg1 113. Qc5+ Qf2 114. Qg5+ Kh2 115. Qe5+ Kh1 116. Qd5+ Qg2 117. Qd1+ Kh2 118. Qd6+ Kg1 119. Qc5+ Kf1 120. Qc1+ Kf2 121. Qd2+ Kf3 122. Qc3+ Kf4 123. Qf6+ Ke4 124. Qc6+ Kd4 125. Qf6+ Kc5 126. Qe7+ Kc4 127. Qe6+ Kd4 128. Qf6+ Ke3 129. Qc3+ Ke4 130. Qc4+ Ke5 131. Qc5+ Ke6 132. Qc8+ Kf7 133. Qd7+ Kg6 134. Qe6+ Kh7 135. Qf7+ Qg7 136. Qf3 h2 137. Qh1 Qg1 138. Qb7+ Kh6 139. Qb2 Qg6+ 140. Kb5 h1Q 141. Qh8+ Qh7 142. Qf6+ Kh5 143. Qe5+ Kg4 144. Qd4+ Q1e4 145. Qd1+ Kf5 146. Qf1+ Ke6 147. Qh3+ Qxh3 0-1

[Event "Sitges Sunway op 9th"]
[Site "Sitges"]
[Date "2022.12.15"]
[Round "4"]
[White "Injac, Teodora"]
[Black "Nurgaliyev, Sauat"]
[Result "0-1"]
[WhiteElo "2365"]
[BlackElo "2150"]
[PlyCount "80"]
[EventDate "2022.12.12"]
[EventType "swiss"]
[EventRounds "10"]
[EventCountry "ESP"]
[SourceTitle "CBM 211 Extra"]
[Source "ChessBase"]
[SourceDate "2023.01.31"]
[SourceVersion "1"]
[SourceVersionDate "2023.01.31"]
[SourceQuality "1"]

1. d4 Nf6 2. c4 g6 3. Nf3 Bg7 4. g3 c6 5. Bg2 d5 6. 0-0 0-0 7. a4 dxc4 8. Na3 Be6 9. Ng5 Bd7 10. Nxc4 h6 11. Nf3 Be6 12. Qc2 Na6 13. b3 Nb4 14. Qd2 a5 15. Bb2 Ne4 16. Qd1 b5 17. Nce5 Bd5 18. Bh3 e6 19. Nd3 Nxd3 20. Qxd3 Rb8 21. Ba3 b4 22. Bc1 c5 23. Bb2 Qe7 24. Rac1 Rfd8 25. Qe3 Nc3 26. Bxc3 bxc3 27. dxc5 Rxb3 28. Ne5 Qc7 29. Nd3 Rdb8 30. Nf4 Bc4 31. Bg2 Qe5 32. Be4 g5 33. Nd3 Qd4 34. Qf3 Bd5 35. Bxd5 Qxd5 36. Qg4 Qd4 37. Qxd4 Bxd4 38. Ra1 c2 39. Ra2 Rxd3 40. exd3 Bb2 0-1

[Event "Sitges Sunway op 9th"]
[Site "Sitges"]
[Date "2022.12.13"]
[Round "2"]
[White "Mashchenko, Tamila"]
[Black "Nurgaliyev, Sauat"]
[Result "0-1"]
[WhiteElo "1913"]
[BlackElo "2150"]
[PlyCount "82"]
[EventDate "2022.12.12"]
[EventType "swiss"]
[EventRounds "10"]
[EventCountry "ESP"]
[SourceTitle "CBM 211 Extra"]
[Source "ChessBase"]
[SourceDate "2023.01.31"]
[SourceVersion "1"]
[SourceVersionDate "2023.01.31"]
[SourceQuality "1"]

1. d4 Nf6 2. c4 g6 3. Nc3 d5 4. cxd5 Nxd5 5. e4 Nb6 6. Be3 Bg7 7. Bd3 0-0 8. Nge2 Nc6 9. Bb5 Na5 10. 0-0 c6 11. Bd3 Nac4 12. Bc1 Bg4 13. Bxc4 Nxc4 14. f3 Bd7 15. b3 Nb6 16. Be3 e5 17. d5 cxd5 18. Nxd5 Nxd5 19. Qxd5 Bc6 20. Qc4 Rc8 21. Rfd1 Qa5 22. Qc3 Qa6 23. Qd2 f5 24. Nc3 Rfd8 25. Qf2 Qa5 26. Qb2 Bf8 27. Nd5 Bxd5 28. exd5 Rxd5 29. Rxd5 Qxd5 30. Bxa7 Bg7 31. Rc1 Ra8 32. Qf2 Bh6 33. Re1 Bf8 34. Be3 Bb4 35. Rc1 Qd3 36. Bg5 Ba5 37. Rf1 Rc8 38. Qe1 f4 39. Qb1 Rc2 40. Bh4 Bb6+ 41. Kh1 Qe2 0-1

[Event "Benidorm op-A"]
[Site "Benidorm"]
[Date "2022.12.11"]
[Round "9"]
[White "Nurgaliyev, Sauat"]
[Black "Garcia Callejo, Jesus"]
[Result "1-0"]
[WhiteElo "2150"]
[BlackElo "2138"]
[PlyCount "105"]
[EventDate "2022.12.03"]
[EventType "swiss"]
[EventRounds "9"]
[EventCountry "ESP"]
[SourceTitle "CBM 211 Extra"]
[Source "ChessBase"]
[SourceDate "2023.01.31"]
[SourceVersion "1"]
[SourceVersionDate "2023.01.31"]
[SourceQuality "1"]

1. e4 c6 2. d4 d5 3. e5 c5 4. dxc5 Nc6 5. Nf3 Bg4 6. Bb5 Qa5+ 7. Nc3 0-0-0 8. Bxc6 bxc6 9. a3 Qxc5 10. Be3 d4 11. Bxd4 Qc4 12. b3 Bxf3 13. bxc4 Bxd1 14. Rxd1 e6 15. Ne4 Nh6 16. c5 Nf5 17. c3 h5 18. Ke2 Be7 19. Nd6+ Bxd6 20. cxd6 Kd7 21. Rb1 Rb8 22. Bxa7 Rb5 23. Rxb5 cxb5 24. Bc5 f6 25. exf6 gxf6 26. Rd1 Rg8 27. g3 Rc8 28. Bb4 Rc4 29. f3 Rc8 30. Rd3 Rg8 31. Kd2 h4 32. g4 Nh6 33. h3 Nf7 34. f4 Rc8 35. Ke3 Rc4 36. Rd4 Rc8 37. g5 f5 38. Rd1 Nh8 39. g6 Nxg6 40. Rg1 Rg8 41. Kd4 Kc6 42. Bc5 Rg7 43. c4 bxc4 44. Kxc4 e5 45. Rb1 Rb7 46. d7 Rxd7 47. Rb6+ Kc7 48. Rxg6 exf4 49. Rf6 Rg7 50. Kd5 Rg3 51. Rf7+ Kd8 52. Kc6 Rg6+ 53. Bd6 1-0

[Event "Bayern-chI Bank Hofmann 25th"]
[Site "Tegernsee"]
[Date "2022.11.13"]
[Round "9"]
[White "Rakhmangulova, Anastasiya"]
[Black "Nurgaliyev, Sauat"]
[Result "1/2-1/2"]
[WhiteElo "2287"]
[BlackElo "2113"]
[PlyCount "197"]
[EventDate "2022.11.05"]
[EventType "swiss"]
[EventRounds "9"]
[EventCountry "GER"]
[SourceTitle "CBM 211 Extra"]
[Source "ChessBase"]
[SourceDate "2023.01.31"]
[SourceVersion "1"]
[SourceVersionDate "2023.01.31"]
[SourceQuality "1"]

1. e4 c5 2. Nf3 d6 3. d4 cxd4 4. Nxd4 Nf6 5. Nc3 a6 6. Be3 e5 7. Nf3 Qc7 8. a4 h6 9. Be2 Be6 10. a5 Nbd7 11. 0-0 Rc8 12. Nh4 Qd8 13. g3 g5 14. Ng2 Rxc3 15. bxc3 Nxe4 16. Bf3 Ndc5 17. Bxc5 Nxc5 18. Ne3 Bg7 19. Bd5 0-0 20. Qh5 e4 21. Rfd1 Qf6 22. Rab1 Na4 23. Bxe6 fxe6 24. Ng4 Qf3 25. Re1 Nc5 26. c4 Kh7 27. h4 gxh4 28. Qxh4 Kg6 29. Re3 Qf5 30. Re2 h5 31. Ne3 Qf3 32. Kf1 Bf6 33. Qh3 Be5 34. Qg2 Bxg3 35. Ke1 Qxg2 36. Nxg2 Be5 37. Kd2 Kf6 38. Ne3 Rh8 39. Rh1 Bf4 40. Ree1 Ke5 41. Ke2 Kd4 42. Rd1+ Kc3 43. Rh3 Kb2 44. Rd4 Rg8 45. Nd1+ Kxc2 46. Ra3 Rg1 47. Ra1 Nb3 48. Ra2+ Kc1 49. Rxe4 Be5 50. Ne3 Kb1 51. Ra4 Nc5 52. Rb4+ Kc1 53. Rh4 Bf6 54. Rxh5 Bd8 55. Rxc5 dxc5 56. Rxb7 Bxa5 57. Ra7 Rg6 58. Rxa6 Bc3 59. f4 Rf6 60. Kf3 Bd4 61. Ng4 Rg6 62. f5 Rg8 63. fxe6 Kc2 64. Nh6 Re8 65. Ke4 Kc3 66. Kd5 Rd8+ 67. Rd6 Re8 68. Nf5 Bf6 69. Kxc5 Rc8+ 70. Rc6 Rxc6+ 71. Kxc6 Kxc4 72. Kd6 Kd3 73. Kd5 Bg5 74. Ke5 Bd8 75. Nd6 Kc3 76. Nf5 Kc4 77. Nd6+ Kd3 78. Nc8 Ke2 79. Kf5 Kd2 80. Kg6 Kc1 81. Kf7 Bh4 82. Nd6 Kb1 83. Ne4 Bd8 84. Nc3+ Ka1 85. Nd5 Kb1 86. Ne7 Bb6 87. Ke8 Bc5 88. Nf5 Ka2 89. Kd7 Bf8 90. Ne7 Bh6 91. Ke8 Be3 92. Nc8 Bg5 93. Kf7 Ka1 94. Nd6 Kb1 95. Ne4 Bd8 96. Kg7 Ka1 97. Nf2 Kb1 98. Nd3 Ka1 99. Kf7 1/2-1/2

[Event "World ol U16"]
[Site "Nakhchivan"]
[Date "2022.10.10"]
[Round "9.4"]
[White "Kiladze, Luka"]
[Black "Nurgaliyev, Sauat"]
[Result "0-1"]
[WhiteElo "1894"]
[BlackElo "2133"]
[PlyCount "120"]
[EventDate "2022.10.02"]
[EventType "team-swiss"]
[EventRounds "9"]
[EventCountry "AZE"]
[SourceTitle "CBM 210 Extra"]
[Source "ChessBase"]
[SourceDate "2022.11.30"]
[SourceVersion "1"]
[SourceVersionDate "2022.11.30"]
[SourceQuality "1"]
[WhiteTeam "Georgia"]
[BlackTeam "Kazakhstan"]
[WhiteTeamCountry "GEO"]
[BlackTeamCountry "KAZ"]

1. Nf3 Nf6 2. c4 g6 3. Nc3 d5 4. cxd5 Nxd5 5. Qb3 Nb6 6. d4 Bg7 7. Bf4 Be6 8. Qa3 Nc6 9. e3 Nd5 10. Bg3 0-0 11. Be2 Ncb4 12. Rc1 c5 13. e4 Nxc3 14. bxc3 Nxa2 15. Rd1 cxd4 16. cxd4 Rc8 17. d5 Nc3 18. dxe6 Nxd1 19. exf7+ Rxf7 20. Bxd1 Rc3 21. Qa2 Rc1 22. Qd5 Qxd5 23. exd5 Rf8 24. 0-0 Rfc8 25. Bb3 Rxf1+ 26. Kxf1 Rc3 27. Ba4 a6 28. Bd7 h6 29. Nh4 Bf6 30. Nxg6 b5 31. Be6+ Kg7 32. Nf4 Kf8 33. Ke2 Bd4 34. Kd2 Ra3 35. Ng6+ Ke8 36. Bh4 Bc5 37. g4 b4 38. Ne5 Ra2+ 39. Kd3 Bxf2 40. Bxf2 Rxf2 41. Kc4 Rf4+ 42. Kb3 a5 43. h4 Re4 44. Nc4 a4+ 45. Kxb4 a3 46. Kxa3 Rxc4 47. Kb3 Rf4 48. Kc3 Kf8 49. Kd3 Kg7 50. Ke3 Rb4 51. Kf3 Kf6 52. Kg3 Rb1 53. Kf4 Rg1 54. Kf3 Rh1 55. Kg3 Ke5 56. Bf7 Rg1+ 57. Kh3 Kf4 58. g5 hxg5 59. h5 Kf3 60. Kh2 Rg2+ 0-1

[Event "World ol U16"]
[Site "Nakhchivan"]
[Date "2022.10.09"]
[Round "8.2"]
[White "Nurgaliyev, Sauat"]
[Black "Omonova, Umida"]
[Result "1-0"]
[WhiteElo "2133"]
[BlackElo "2196"]
[PlyCount "111"]
[EventDate "2022.10.02"]
[EventType "team-swiss"]
[EventRounds "9"]
[EventCountry "AZE"]
[SourceTitle "CBM 210 Extra"]
[Source "ChessBase"]
[SourceDate "2022.11.30"]
[SourceVersion "1"]
[SourceVersionDate "2022.11.30"]
[SourceQuality "1"]
[WhiteTeam "Kazakhstan"]
[BlackTeam "Uzbekistan"]
[WhiteTeamCountry "KAZ"]
[BlackTeamCountry "UZB"]

1. e4 c5 2. Nf3 Nc6 3. d4 cxd4 4. Nxd4 g6 5. Nc3 Bg7 6. Be3 Nf6 7. Bc4 0-0 8. Bb3 d6 9. f3 Bd7 10. Qd2 Nxd4 11. Bxd4 b5 12. a4 bxa4 13. Bxa4 Bxa4 14. Rxa4 a5 15. 0-0 Qc7 16. Rfa1 Rfb8 17. b4 Rc8 18. Rxa5 Rab8 19. b5 Nd7 20. Nd5 Qxc2 21. Nxe7+ Kf8 22. Bxg7+ Kxe7 23. Bh6 Qxd2 24. Bxd2 Ne5 25. Bg5+ Ke6 26. Rb1 f6 27. Bf4 Nc4 28. Ra4 Rc5 29. Rc1 Rbc8 30. Rb4 g5 31. Bg3 Nb6 32. Rd1 Rc1 33. Rbd4 Rxd1+ 34. Rxd1 Nc4 35. Rc1 Rc5 36. h4 Kd7 37. Bf2 Rc8 38. Bd4 Ke6 39. Ra1 Rb8 40. hxg5 fxg5 41. Ra4 Ne5 42. b6 Nd7 43. Rb4 Nc5 44. Rb5 h6 45. Kh2 Kd7 46. Kg3 Kc6 47. Rb1 Ne6 48. Be3 h5 49. Rc1+ Kd7 50. Rd1 Kc6 51. Rd5 Rg8 52. Rf5 Rg7 53. Rf6 Nd8 54. e5 Nf7 55. Bd4 Rh7 56. exd6 1-0

[Event "Wch U12"]
[Site "Batumi"]
[Date "2022.09.24"]
[Round "8"]
[White "Nurgaliyev, Sauat"]
[Black "Keneshbekov, Elim"]
[Result "1-0"]
[WhiteElo "2133"]
[BlackElo "1732"]
[PlyCount "57"]
[EventDate "2022.09.16"]
[EventType "swiss"]
[EventRounds "11"]
[EventCountry "GEO"]
[SourceTitle "EXT 2023"]
[Source "ChessBase"]
[SourceDate "2022.10.05"]
[SourceVersion "1"]
[SourceVersionDate "2022.10.05"]
[SourceQuality "1"]

1. e4 c5 2. Nf3 d6 3. d4 cxd4 4. Nxd4 Nf6 5. Nc3 g6 6. Be3 Bg7 7. f3 Nc6 8. Qd2 0-0 9. 0-0-0 Bd7 10. g4 Ne5 11. h4 b5 12. h5 Qa5 13. Nb3 Qc7 14. Be2 Nc4 15. Bxc4 bxc4 16. Nd4 Rfb8 17. hxg6 fxg6 18. Rdg1 Qb7 19. Nd1 Be8 20. c3 Bf7 21. Bh6 Bh8 22. Qh2 e5 23. Nf5 Be6 24. Bg5 Qd7 25. Qh4 Rf8 26. Nh6+ Kg7 27. Ne3 d5 28. exd5 Bxd5 29. Nef5+ 1-0